|
|
|
|
| LEADER |
00000nam2a2200000 4500 |
| 001 |
146719 |
| 005 |
20231031144740.0 |
| 035 |
|
|
|a (RuTPU)RU\TPU\book\159045
|
| 090 |
|
|
|a 146719
|
| 100 |
|
|
|a 20081101d1892 k y0rusy50 ca
|
| 101 |
0 |
|
|a rus
|
| 102 |
|
|
|a RU
|
| 105 |
|
|
|a a g 000zy
|
| 200 |
1 |
|
|a Паровые машины. Ч. 4
|e более 4000 рисунков в тексте и 130 табл.
|f П. И. Мальцов
|
| 210 |
|
|
|d 1892
|
| 215 |
|
|
|a XVI+1045-1728+144 с.
|c ил.
|
| 300 |
|
|
|a Конволют с раздельной пагинацией.
|
| 461 |
|
1 |
|0 (RuTPU)RU\TPU\book\366226
|t Справочная книга для инженеров, механиков и строителей
|o в 5 ч.
|f П. И. Мальцов
|e 2-е изд.вполне перераб.
|d 1890-1892
|
| 464 |
|
|
|t Железное производство. Ч. 5
|
| 610 |
1 |
|
|a паровые машины
|
| 610 |
1 |
|
|a справочники
|
| 610 |
1 |
|
|a паровые котлы
|
| 610 |
1 |
|
|a регуляторы
|
| 610 |
1 |
|
|a локомобили
|
| 610 |
1 |
|
|a расчеты
|
| 801 |
|
1 |
|a RU
|b 63413507
|c 20081101
|g PSBO
|
| 801 |
|
2 |
|a RU
|b 63413507
|c 20180124
|g PSBO
|
| 942 |
|
|
|c BK
|